Средства выражения религиозного компонента морально-этической составляющей категории девиации в английском языке (Часть III); Филологические науки. Вопросы теории и практики; № 3 (21), ч. 1
| Parent link: | Филологические науки. Вопросы теории и практики № 3 (21), ч. 1.— 2013.— [С. 141-143] |
|---|---|
| Autor principal: | |
| Autor corporatiu: | |
| Sumari: | Заглавие с экрана В статье описываются языковые средства выражения морально-этической составляющей категории девиации в английском языке в свете религиозного подхода. Рассматривается категория девиации, выраженная словами широкой семантики с корнем devia-. Конкретизация значений вышеназванных слов происходит посредством анализа их контекстуальных корреляций с языковыми единицами, репрезентирующими концепт "грех", включенный в сферу девиации. The author describes the language means of expressing the moral-ethical constituent part of the deviation category in the English language in the light of religious approach, considers the category of deviation, expressed by the words of general semantics with root devia-, and concludes that the concretization of the meanings of mentioned above words ??occurs by means of the analysis of their contextual correlations with language units, representing the concept “sin”, included in the sphere of deviation. Режим доступа: по договору с организацией-держателем ресурса |
| Idioma: | rus |
| Publicat: |
2013
|
| Matèries: | |
| Accés en línia: | http://www.gramota.net/materials/2/2013/3-1/39.html https://www.elibrary.ru/item.asp?id=18772963 |
| Format: | MixedMaterials Electrònic Capítol de llibre |
| KOHA link: | https://koha.lib.tpu.ru/cgi-bin/koha/opac-detail.pl?biblionumber=661819 |
MARC
| LEADER | 00000naa0a2200000 4500 | ||
|---|---|---|---|
| 001 | 661819 | ||
| 005 | 20250523151827.0 | ||
| 035 | |a (RuTPU)RU\TPU\network\32737 | ||
| 035 | |a RU\TPU\network\619 | ||
| 090 | |a 661819 | ||
| 100 | |a 20200222d2013 k||y0rusy50 ca | ||
| 101 | 0 | |a rus | |
| 102 | |a RU | ||
| 135 | |a drnn ---uucaa | ||
| 181 | 0 | |a i | |
| 182 | 0 | |a b | |
| 200 | 1 | |a Средства выражения религиозного компонента морально-этической составляющей категории девиации в английском языке (Часть III) |d Means of expressing religious component of moral-ethical constituent part of deviation category in the English language (Part III) |f А. С. Пташкин | |
| 203 | |a Текст |c электронный | ||
| 300 | |a Заглавие с экрана | ||
| 320 | |a [Библиогр.: с. 143 (12 назв.)] | ||
| 330 | |a В статье описываются языковые средства выражения морально-этической составляющей категории девиации в английском языке в свете религиозного подхода. Рассматривается категория девиации, выраженная словами широкой семантики с корнем devia-. Конкретизация значений вышеназванных слов происходит посредством анализа их контекстуальных корреляций с языковыми единицами, репрезентирующими концепт "грех", включенный в сферу девиации. | ||
| 330 | |a The author describes the language means of expressing the moral-ethical constituent part of the deviation category in the English language in the light of religious approach, considers the category of deviation, expressed by the words of general semantics with root devia-, and concludes that the concretization of the meanings of mentioned above words ??occurs by means of the analysis of their contextual correlations with language units, representing the concept “sin”, included in the sphere of deviation. | ||
| 333 | |a Режим доступа: по договору с организацией-держателем ресурса | ||
| 461 | |t Филологические науки. Вопросы теории и практики | ||
| 463 | |t № 3 (21), ч. 1 |v [С. 141-143] |d 2013 | ||
| 510 | 1 | |a Means of expressing religious component of moral-ethical constituent part of deviation category in the English language (Part III) |z eng | |
| 610 | 1 | |a электронный ресурс | |
| 610 | 1 | |a труды учёных ТПУ | |
| 610 | 1 | |a категории | |
| 610 | 1 | |a девиация | |
| 610 | 1 | |a сегменты | |
| 610 | 1 | |a семантика | |
| 700 | 1 | |a Пташкин |b А. С. |c лингвист |c доцент Томского политехнического университета, кандидат филологических наук |f 1983- |g Александр Сергеевич |3 (RuTPU)RU\TPU\pers\35193 |9 18458 | |
| 712 | 0 | 2 | |a Национальный исследовательский Томский политехнический университет |c (2009- ) |9 26305 |
| 801 | 2 | |a RU |b 63413507 |c 20200222 |g RCR | |
| 850 | |a 63413507 | ||
| 856 | 4 | |u http://www.gramota.net/materials/2/2013/3-1/39.html | |
| 856 | 4 | |u https://www.elibrary.ru/item.asp?id=18772963 | |
| 942 | |c CF | ||